| 000 | 00000nas 2200000za 4500 |
| 001 | 9.828540 |
| 003 | CaOODSP |
| 005 | 20221107145052 |
| 007 | cr ||||||||||| |
| 008 | 161202d19521988oncmr p oss f0## a0eng|d |
| 022 | |y0701-7367 |
| 040 | |aCaOODSP|beng |
| 041 | |aeng|afre |
| 043 | |an-cn--- |
| 086 | 1 |aCS31-001-PDF |
| 245 | 00|aInventories, shipments & orders in manufacturing industries |h[electronic resource]. |
| 246 | 13|aStocks, expéditions et commandes des industries manufacturières|fOct. 1968-Jan. 1973 |
| 246 | 13|aStocks, livraisons et commandes des industries manufacturières|fFeb. 1973-June 1988 |
| 246 | 13|aInventories, shipments and orders in manufacturing industries |
| 260 | |aOttawa : |bDominion Bureau of Statistics, Industry and Merchandising Division, Commodity Statistics Section, |c[1952]-1988. |
| 310 | |aMonthly |
| 362 | 0 |aFeb. 1952-June 1988. |
| 500 | |aDigitized edition from print [produced by Statistics Canada]. |
| 515 | |aIssues for Jan.-Feb. 1964 not published. |
| 515 | |aIssues for Feb. 1952-June 1965 lack numbering. |
| 515 | |aIssues for July 1965-June 1988 numbered v. 19, no. 7-v. 42, no. 6. |
| 520 | |aThis report contains indexes of the dollar value of manufacturing inventories and shipments, and of percentage changes in relationship of inventory to shipments in selected industries. |
| 525 | |aIssue for 1970 has supplement. |
| 546 | |aText in English only, Feb. 1952-Aug./Sept. 1968; text in English and French, Oct. 1968-June 1988. |
| 550 | |aIssued May.-July 1952 by Mining, Metallurgical and Chemical Section; Aug. 1952-Jan. 1954 by Commodity Statistics Section; Feb. 1954-Oct. 1958 by Inventories Section, Industry and Merchandising Division; Nov. 1958-Dec. 1962 by Industry and Merchandising Division; Jan./Feb. 1963-Nov. 1966 by Industry Division; Dec. 1966-May 1971 by Manufacturing and Primary Industries Division; June 1971-Dec. 1984 by Statistics Canada, Manufacturing and Primary Industries Division; Jan. 1985-June 1988 by Industry Division. |
| 692 | 07|2gccst|aInventories |
| 692 | 07|2gccst|aShipping |
| 710 | 1 |aCanada.|bDominion Bureau of Statistics.|bCommodity Statistics Section. |
| 710 | 1 |aCanada. |bDominion Bureau of Statistics. |bMining, Metallurgical and Chemical Section. |
| 710 | 1 |aCanada.|bDominion Bureau of Statistics.|bIndustry and Merchandising Division.|bInventories Section. |
| 710 | 1 |aCanada. |bDominion Bureau of Statistics. |bIndustry and Merchandising Division. |
| 710 | 1 |aCanada. |bDominion Bureau of Statistics. |bIndustry Division. |
| 710 | 1 |aCanada. |bDominion Bureau of Statistics. |bManufacturing and Primary Industries Division. |
| 710 | 1 |aCanada. |bStatistics Canada. |bIndustry Division. |
| 710 | 1 |aCanada. |bStatistics Canada. |bManufacturing and Primary Industries Division. |
| 780 | 00|tInventories & shipments by manufacturing industries |w(CaOODSP)9.828538 |
| 785 | 00|tMonthly survey of manufacturing |w(CaOODSP)9.828586 |
| 792 | |tInventories, shipments & orders in manufacturing industries |efre|w(CaOODSP)9.828552 |